Cálculo 1. Potenciando el pensamiento crítico a través de la matemática.
Salvato in:
| Autore principale: | |
|---|---|
| Altri autori: | |
| Natura: | Libro |
| Lingua: | spagnolo |
| Pubblicazione: |
Ciudad de México, México:
Cengage Learning Editores,
2019.
|
| Soggetti: | |
| Tags: |
Aggiungi Tag
Nessun Tag, puoi essere il primo ad aggiungerne!!
|
MARC
| LEADER | 00000cam a2200000 a 4500 | ||
|---|---|---|---|
| 001 | UCC6650 | ||
| 003 | CL-VaPUC | ||
| 005 | 20230718074442.0 | ||
| 008 | 181220e20190000mx |||||||||||||||||spa|d | ||
| 999 | |c 373551 |d 373549 | ||
| 020 | |a 978-607-526-704-3 | ||
| 040 | |c Pontificia Universidad Católica de Valparaíso | ||
| 082 | 0 | 4 | |a 510.246 ARA 2019 |2 21 |
| 100 | 0 | |a Arancibia Carvajal, Sara |e autora |9 601129 | |
| 245 | 1 | 0 | |a Cálculo 1. |b Potenciando el pensamiento crítico a través de la matemática. |
| 260 | |a Ciudad de México, México: |b Cengage Learning Editores, |c 2019. | ||
| 300 | |a 656 páginas. | ||
| 500 | |a C.31. Donación Profesor Jaime Mena. Memo 02/2022. Abril 2022 | ||
| 583 | |a last modification |c 20190321 03:30:41 |k Rodrigo Vera | ||
| 650 | 0 | |a Matemática |x Ingeniería |x Problemas, ejercicios, etc |9 260235 | |
| 650 | 0 | |a Cálculo |9 260234 | |
| 700 | |a Mena Lorca, Jaime Juan Fernando |e autor |9 601130 | ||
| 942 | |c BK |2 ddc | ||
| 945 | |d 20181220 17:39:00 |a dcastane | ||
| 952 | |0 0 |1 0 |2 ddc |3 erb |4 0 |6 510_246000000000000_ARA_2019 |7 0 |8 A |9 491706 |a BIBING |b BIBING |c RES |i 552671K |l 1 |o 510.246 ARA 2019 |p 552671K |r 2025-01-20 |s 2023-04-28 |w 2019-11-24 |y BK |z Catalogado en:20181220 |k ING | ||
| 952 | |0 0 |1 0 |2 ddc |3 erb |4 0 |6 510_246000000000000_ARA_2019 |7 0 |8 A |9 491707 |a BIBING |b BIBING |c RES |i 5526701 |o 510.246 ARA 2019 |p 5526701 |r 2025-01-20 |w 2019-11-24 |y BK |z Catalogado en:20181220 |k ING | ||
| 952 | |0 0 |1 0 |2 ddc |3 erb |4 0 |6 510_246000000000000_ARA_2019 |7 0 |8 A |9 491708 |a BIBING |b BIBING |c RES |i 5526698 |l 8 |o 510.246 ARA 2019 |p 5526698 |r 2025-01-20 |s 2022-10-20 |w 2019-11-24 |y BK |z Catalogado en:20181220 |k ING | ||
| 952 | |0 0 |1 0 |2 ddc |3 erb |4 0 |6 510_246000000000000_ARA_2019 |7 0 |8 A |9 491709 |a BIBING |b BIBING |c RES |i 552668K |o 510.246 ARA 2019 |p 552668K |r 2025-01-20 |w 2019-11-24 |y BK |z Catalogado en:20181220 |k ING | ||
| 952 | |0 0 |1 0 |2 ddc |3 erb |4 0 |6 510_246000000000000_ARA_2019 |7 0 |8 A |9 491710 |a BIBING |b BIBING |c RES |i 5526671 |l 2 |m 1 |o 510.246 ARA 2019 |p 5526671 |r 2025-01-20 |s 2024-09-13 |w 2019-11-24 |y BK |z Catalogado en:20181220 |k ING | ||
| 952 | |0 0 |1 0 |2 ddc |3 erb |4 0 |6 510_246000000000000_ARA_2019 |7 0 |8 A |9 491711 |a BIBING |b BIBING |c RES |i 5526663 |l 9 |m 2 |o 510.246 ARA 2019 |p 5526663 |r 2025-01-20 |s 2024-05-14 |w 2019-11-24 |y BK |z Catalogado en:20181220 |k ING | ||
| 952 | |0 0 |1 0 |2 ddc |3 erb |4 0 |6 510_246000000000000_ARA_2019 |7 0 |8 A |9 491712 |a BIBING |b BIBING |c RES |d 2023-09-29 |i 5526655 |l 3 |m 1 |o 510.246 ARA 2019 |p 5526655 |r 2025-01-20 |s 2024-05-14 |w 2019-11-24 |y BK |z Catalogado en:20181220 |k ING | ||
| 952 | |0 0 |1 0 |2 ddc |3 erb |4 0 |6 510_246000000000000_ARA_2019 |7 0 |8 A |9 491713 |a BIBING |b BIBING |c RES |i 5526647 |o 510.246 ARA 2019 |p 5526647 |r 2025-01-20 |w 2019-11-24 |y BK |z Catalogado en:20181220 |k ING | ||
| 952 | |0 0 |1 0 |2 ddc |3 erb |4 0 |6 510_246000000000000_ARA_2019 |7 0 |8 A |9 491714 |a BIBING |b BIBING |c RES |i 5526639 |o 510.246 ARA 2019 |p 5526639 |r 2025-01-20 |w 2019-11-24 |y BK |z Catalogado en:20181220 |k ING | ||
| 952 | |0 0 |1 0 |2 ddc |3 erb |4 0 |6 510_246000000000000_ARA_2019 |7 0 |8 A |9 491715 |a BIBING |b BIBING |c RES |i 5526620 |l 10 |m 3 |o 510.246 ARA 2019 |p 5526620 |r 2025-01-20 |s 2023-11-10 |w 2019-11-24 |y BK |z Catalogado en:20181220 |k ING | ||
| 952 | |0 0 |1 0 |2 ddc |3 erb |4 0 |6 510_246000000000000_ARA_2019 |7 0 |8 A |9 491716 |a BIBING |b BIBING |c RES |i 5526612 |l 1 |o 510.246 ARA 2019 |p 5526612 |r 2025-01-20 |s 2022-05-23 |w 2019-11-24 |y BK |z Catalogado en:20181220 |k ING | ||
| 952 | |0 0 |1 0 |2 ddc |3 erb |4 0 |6 510_246000000000000_ARA_2019 |7 0 |8 A |9 491717 |a BIBING |b BIBING |c RES |i 5526604 |l 12 |m 3 |o 510.246 ARA 2019 |p 5526604 |r 2025-01-20 |s 2023-09-27 |w 2019-11-24 |y BK |z Catalogado en:20181220 |k ING | ||
| 952 | |0 0 |1 0 |2 ddc |3 erb |4 0 |6 510_246000000000000_ARA_2019 |7 0 |8 A |9 491718 |a BIBING |b BIBING |c RES |i 5526590 |l 2 |o 510.246 ARA 2019 |p 5526590 |r 2025-01-20 |s 2023-11-10 |w 2019-11-24 |y BK |z Catalogado en:20181220 |k ING | ||
| 952 | |0 0 |1 0 |2 ddc |3 erb |4 0 |6 510_246000000000000_ARA_2019 |7 0 |8 A |9 491719 |a BIBING |b BIBING |c RES |i 5526582 |l 2 |o 510.246 ARA 2019 |p 5526582 |r 2025-01-20 |s 2023-04-28 |w 2019-11-24 |y BK |z Catalogado en:20181220 |k ING | ||
| 952 | |0 0 |1 0 |2 ddc |3 erb |4 0 |6 510_246000000000000_ARA_2019 |7 0 |8 A |9 491720 |a BIBING |b BIBING |c RES |i 5526574 |l 8 |o 510.246 ARA 2019 |p 5526574 |r 2025-01-20 |s 2024-05-24 |w 2019-11-24 |y BK |z Catalogado en:20181220 |k ING | ||
| 952 | |0 0 |1 0 |2 ddc |3 erb |4 0 |6 510_246000000000000_ARA_2019 |7 0 |8 A |9 491721 |a BIBING |b BIBING |c RES |i 5526566 |l 1 |o 510.246 ARA 2019 |p 5526566 |r 2025-01-20 |s 2023-06-16 |w 2019-11-24 |y BK |z Catalogado en:20181220 |k ING | ||
| 952 | |0 0 |1 0 |2 ddc |3 erb |4 0 |6 510_246000000000000_ARA_2019 |7 0 |8 A |9 491722 |a BIBING |b BIBING |c RES |i 5526558 |l 7 |m 1 |o 510.246 ARA 2019 |p 5526558 |r 2025-01-20 |s 2023-09-01 |w 2019-11-24 |y BK |z Catalogado en:20181220 |k ING | ||
| 952 | |0 0 |1 0 |2 ddc |3 erb |4 0 |6 510_246000000000000_ARA_2019 |7 0 |8 A |9 491723 |a BIBING |b BIBING |c RES |i 552654K |l 4 |o 510.246 ARA 2019 |p 552654K |r 2025-01-20 |s 2022-04-22 |w 2019-11-24 |y BK |z Catalogado en:20181220 |k ING | ||
| 952 | |0 0 |1 0 |2 ddc |3 erb |4 0 |6 510_246000000000000_ARA_2019 |7 0 |8 A |9 491724 |a BIBING |b BIBING |c RES |i 5526531 |l 1 |o 510.246 ARA 2019 |p 5526531 |r 2025-01-20 |s 2022-03-23 |w 2019-11-24 |y BK |z Catalogado en:20181220 |k ING | ||
| 952 | |0 0 |1 0 |2 ddc |3 erb |4 0 |6 510_246000000000000_ARA_2019 |7 0 |8 A |9 491725 |a BIBING |b BIBING |c RES |i 5526523 |l 2 |o 510.246 ARA 2019 |p 5526523 |r 2025-01-20 |s 2023-05-19 |w 2019-11-24 |y BK |z Catalogado en:20181220 |k ING | ||
| 952 | |0 0 |1 0 |3 erb |4 0 |6 510_246000000000000_ARA_2019 |7 0 |8 A |9 491726 |a BIBMAT |b BIBMAT |i 5538874 |l 9 |m 2 |o 510.246 ARA 2019 |p 5538874 |r 2025-04-22 |s 2025-04-15 |w 2019-11-24 |y BK |z Catalogado en:20190322 |k MAT | ||
| 952 | |0 0 |1 0 |3 erb |4 0 |6 510_246000000000000_ARA_2019 |7 0 |8 A |9 491727 |a BIBMAT |b BIBMAT |i 5538882 |l 8 |m 1 |o 510.246 ARA 2019 |p 5538882 |r 2025-04-21 |s 2025-04-14 |w 2019-11-24 |y BK |z Catalogado en:20190322 |k MAT | ||
| 952 | |0 0 |1 0 |3 erb |4 0 |6 510_246000000000000_ARA_2019 |7 0 |8 A |9 491728 |a BIBMAT |b BIBMAT |i 5538890 |l 12 |m 5 |o 510.246 ARA 2019 |p 5538890 |q 2025-05-14 |r 2025-05-07 |s 2025-05-07 |w 2019-11-24 |y BK |z Catalogado en:20190322 |k MAT | ||
| 952 | |0 0 |1 0 |3 erb |4 0 |6 510_246000000000000_ARA_2019 |7 0 |8 A |9 491729 |a BIBMAT |b BIBMAT |i 5538904 |l 9 |m 5 |o 510.246 ARA 2019 |p 5538904 |r 2025-01-07 |s 2024-09-09 |w 2019-11-24 |y BK |z Catalogado en:20190322 |k MAT | ||
| 952 | |0 0 |1 0 |3 erb |4 0 |6 510_246000000000000_ARA_2019 |7 0 |8 A |9 491730 |a BIBMAT |b BIBMAT |i 5538912 |l 10 |m 6 |o 510.246 ARA 2019 |p 5538912 |q 2025-05-16 |r 2025-05-09 |s 2025-05-09 |w 2019-11-24 |y BK |z Catalogado en:20190322 |k MAT | ||
| 952 | |0 0 |1 0 |3 erb |4 0 |6 510_246000000000000_ARA_2019 |7 0 |8 A |9 491731 |a BIBMAT |b BIBMAT |i 5538920 |l 8 |m 3 |o 510.246 ARA 2019 |p 5538920 |r 2025-01-07 |s 2025-01-03 |w 2019-11-24 |y BK |z Catalogado en:20190322 |k MAT | ||
| 952 | |0 0 |1 0 |3 erb |4 0 |6 510_246000000000000_ARA_2019 |7 0 |8 A |9 491732 |a BIBMAT |b BIBMAT |i 5538939 |l 4 |o 510.246 ARA 2019 |p 5538939 |r 2025-01-07 |s 2025-01-03 |w 2019-11-24 |y BK |z Catalogado en:20190322 |k MAT | ||
| 952 | |0 0 |1 0 |3 erb |4 0 |6 510_246000000000000_ARA_2019 |7 0 |8 A |9 491733 |a BIBMAT |b BIBMAT |i 5538947 |l 12 |m 3 |o 510.246 ARA 2019 |p 5538947 |q 2025-05-16 |r 2025-05-09 |s 2025-05-09 |w 2019-11-24 |y BK |z Catalogado en:20190322 |k MAT | ||
| 952 | |0 0 |1 0 |3 erb |4 0 |6 510_246000000000000_ARA_2019 |7 0 |8 A |9 491734 |a BIBMAT |b BIBMAT |i 5538955 |l 9 |m 4 |o 510.246 ARA 2019 |p 5538955 |q 2025-05-15 |r 2025-05-08 |s 2025-05-08 |w 2019-11-24 |y BK |z Catalogado en:20190322 |k MAT | ||
| 952 | |0 0 |1 0 |3 erb |4 0 |6 510_246000000000000_ARA_2019 |7 0 |8 A |9 491735 |a BIBMAT |b BIBMAT |i 5538963 |l 9 |m 7 |o 510.246 ARA 2019 |p 5538963 |q 2025-05-13 |r 2025-05-06 |s 2025-05-06 |w 2019-11-24 |y BK |z Catalogado en:20190322 |k MAT | ||
| 952 | |0 0 |1 0 |2 ddc |4 0 |6 510_246000000000000_ARA_2019 |7 0 |8 A |9 582827 |a BIBMAT |b BIBMAT |c GEN |d 2022-05-02 |e Donación |i 5650947 |l 8 |m 4 |o 510.246 ARA 2019 |p 5650947 |r 2025-01-07 |s 2024-09-04 |t 31 |w 2022-05-02 |y BK |k MAT | ||